000 01740nam a2200301 a 4500
003 AM-YEHGA
001 1697331
005 20250617163857.0
008 200226s1961 ru ad|||rf||||000|0|rus||
040 _aAM-YeHGA
041 0 _arus
245 0 0 _aПроцессы резания, металлорежущий, абразивный и алмазный инструмент :
_b[Сборник рефератов] /
_cПод ред. Г.В. Ивлева и И.Г. Маякова ; Гос. ком. Совета Министров СССР по автоматизации и машиностроению ; ЦБТИ.
260 _aМосква :
_bБ. и.,
_c1961.
300 _a182 с. :
_bил., черт. ;
_c22 см.
490 1 _a[VII серия "Прогрессивная и типовая технология"] / Упр. по автоматизации и средствам производства для машиностроения)
650 1 4 _aТехника
650 1 4 _aОбработка резанием
650 1 4 _aРежущие инструменты
_vСборники
653 0 _aРежущие инструменты, алмазные - Сборники
653 0 _aРезание металлов - Сборники
653 0 _aАбразивные инструменты - Сборники
700 1 _aИвлев, Г.В.
_eред.
_4edt
700 1 _aМаяков, И.Г.
_eред.
_4edt
710 2 _aГосударственный комитет Совета Министров СССР по автоматизации и машиностроению
710 2 _aЦентральное бюро технической информации
942 _2udc
_cBK
090 _c517921
999 _c514399
_d514399